000 00925nam a22002417a 4500
005 20080603112422.0
008 080603t xxu||||| |||| 00| 0 eng d
010 _aENG-90267
020 _a8186208496
_c500.00
035 _aEN-73800
037 _bDBAD / PUB
040 _aDPL
_bEN
082 _a954.083
100 _aRaj Kumar
245 _a1857 a great rebellion /
_cby Raj Kumar
246 _a(One thousand eight hundred & fifty seven) a great rebellion /
260 _aNew Delhi
_bRaj Publications
_c2007
270 _a108, 4855/24, Ansari Raod, Darya Ganj
_bNew Delhi
_e110002
_k30120939
300 _a271p.:
_bill.
_c22 cm (Hb)
500 _aIncludes bibliographical references
942 _2ddc
_cEN
_h954.083
_mRAJ
999 _c13199
_d13199